An epistle to the faithfull : necessary for all the children of God: especially in the s[o] dangerous dayes. Written by Maister Peter Viret in french, and englished by F.H. Esquier.

Bibliographic Details
Main Author: Viret, Pierre, 1511-1571
Other Authors: F. H., Esquier
Format: eBook
Language:English
Published: Imprinted at London : [By T. Dawson] for Tobie Smith, dwelling in Paules church-yard, at the signe of the Crane, 1582.
Series:Early English books online.
Subjects:
Online Access:Connect to the full text of this electronic book

MARC

Tag First Indicator Second Indicator Subfields
LEADER 00000nam a2200000 4500
001 in00004228921
005 20200806095440.0
006 m g d
007 cr bn |||a|bb|
008 910127s1582 enk o 00| | eng d
035 |a (UnM)99840039 
037 |a CL0036000045  |b ProQuest. 789 E. Eisenhower Parkway, Ann Arbor, MI 48108-3218 
040 |a Cu-RivES  |c Cu-RivES  |d Uk-ES  |d CStRLIN  |e dcrb  |d WaOLN 
100 1 |a Viret, Pierre,  |d 1511-1571. 
240 1 0 |a Epistre envoyée aux fidèles conversans entre les chrestiens papistiques.  |l English 
245 0 3 |a An epistle to the faithfull :  |b necessary for all the children of God: especially in the s[o] dangerous dayes. Written by Maister Peter Viret in french, and englished by F.H. Esquier. 
246 2 |a Epistre envoyée aux fidèles conversans entre les chrestiens papistiques. 
260 |a Imprinted at London :  |b [By T. Dawson] for Tobie Smith, dwelling in Paules church-yard, at the signe of the Crane,  |c 1582. 
300 |a 1 online resource ([144] pages) 
336 |a text  |b txt  |2 rdacontent 
337 |a computer  |b c  |2 rdamedia 
338 |a online resource  |b cr  |2 rdacarrier 
500 |a A translation of: Viret, Pierre. Epistre envoyée aux fidèles conversans entre les chrestiens papistiques. 
500 |a Printer's name from STC. 
500 |a Advocates withdrawal as an alternative to participation in a society dominated by Roman Catholic precepts and practices.--NUC Pre-1956. 
500 |a Signatures: [par.] 2[par.]⁴ A-G H⁴. 
500 |a Some pages stained. 
500 |a Reproduction of the original in the British Library. 
510 4 |a STC (2nd edition)  |c 24779. 
533 |a Electronic reproduction.  |b Ann Arbor, Mich. :  |c UMI,  |d 1999-  |f (Early English books online)  |n Digital version of: (Early English books, 1475-1640 ; 1613:02)  |7 s1999 miun s 
610 2 0 |a Catholic Church  |v Controversial literature  |v Early works to 1800. 
610 2 0 |a Reformed Church  |v Controversial literature  |v Early works to 1800. 
700 0 |a F. H.,  |c Esquier. 
830 0 |a Early English books online. 
856 4 0 |u http://proxy.library.tamu.edu/login?url=https://search.proquest.com/docview/2240896987  |z Connect to the full text of this electronic book  |t 0 
999 f f |s 6751f224-ec18-3fc7-b4c5-5b93a10bdcea  |i 9371f6d1-8ff4-356f-83e6-35d4fc16f8d8  |t 0 
952 f f |a Texas A&M University  |b College Station  |c Electronic Resources  |d Available Online  |t 0  |h No information provided 
998 f f |t 0  |l Available Online